Statistics for Famous Celts

Click here to take the quiz!

General Stats

  • This quiz has been taken 45 times
  • The average score is 5 of 12

Answer Stats

Celtic NationHintAnswer% Correct
WalesPop singer famous for 'It's Not Unusual', 'Delilah'Tom Jones
82%
IrelandActor who played Qui-Gon Jinn, Oscar SchindlerLiam Neeson
80%
IrelandPlaywright/Poet/Author, wrote The Picture of Dorian GrayOscar Wilde
80%
ScotlandYoung Obi-Wan KenobiEwan McGregor
71%
ScotlandHistoric King of Scotland, featured in 'Braveheart'Robert the Bruce
60%
WalesPlaywright/Poet 'Do not go gentle into that good night'Dylan Thomas
38%
CornwallQueen drummerRoger Taylor
27%
Isle of ManLead of a trio of singing brothersBarry Gibb
22%
CornwallCo-founder of Fleetwood Mac along with John McVieMick Fleetwood
18%
Isle of ManRoad racing cyclist, former World ChampionMark Cavendish
13%
BrittanyFootball/Soccer player for France, RennesYoann Gourcuff
4%
BrittanyPhysician, inventor of the StethoscopeRené Laennec
2%

Score Distribution

Percentile by Number Answered

Percent of People with Each Score

Your Score History

You have not taken this quiz